LEADER 01019cam0-2200313---450- 001 990004076040403321 005 20121015133325.0 035 $a000407604 035 $aFED01000407604 035 $a(Aleph)000407604FED01 035 $a000407604 100 $a19990604e19711898km-y0itay50------ba 101 0 $afre 102 $aCH 105 $aaf------001yy 200 1 $aBourdaloue inconnu$eprédication, correspondace, lettre inédite au Grand Condé, éloge funebre de Henri II de Bourbon-Condé, oraison funebre du grand Condé$fHenri Chérot 210 $aGèneve$cSlatkine Reprints$d1971 215 $a164 p., 1 tav.$cill.$d23 cm 324 $aRipr. facs. dell'ed. : Paris, 1898 610 0 $aBourdalou, Louis <1632-1704> 676 $a848.409 700 1$aChérot,$bHenri$f<1855-1906>$0157002 801 0$aIT$bUNINA$gRICA$2UNIMARC 901 $aBK 912 $a990004076040403321 952 $a848.409 CHE 2$bDip.f.m.2027$fFLFBC 959 $aFLFBC 996 $aBourdaloue inconnu$9478763 997 $aUNINA LEADER 01038nam0-2200325---450- 001 990009755660403321 005 20130910101753.0 035 $a000975566 035 $aFED01000975566 035 $a(Aleph)000975566FED01 035 $a000975566 100 $a20130729f1906----km-y0itay50------ba 101 0 $aita 102 $aIT 105 $acf--bcg-001yd 200 1 $aCatalogo illustrato$fMostra nazionale di belle arti 210 $aMilano$ca cura del Comitato esecutivo$d[1906?] 215 $a217 p., 96 p. di tav.$cill.$d17 cm 300 $aSul front.: Inaugurazione del nuovo valico del Sempione, Esposizione di Milano 1906 610 0 $aArte italiana$aEsposizioni$aMilano$a1906 676 $a709.45 676 $a707.4 710 12$aMostra nazionale di belle arti$f<1906 ;$eMilano>$0520619 801 0$aIT$bUNINA$gRICA$2UNIMARC 901 $aBK 912 $a990009755660403321 952 $a707.4 MOSTRE MILANO 1906$bDIP. DISC. ST. 3610$fFLFBC 959 $aFLFBC 996 $aCatalogo illustrato$9834239 997 $aUNINA LEADER 00916nam a22002531i 4500 001 991002710759707536 005 20040310153942.0 008 040624s1980 uik|||||||||||||||||eng 020 $a0701125101 035 $ab12965984-39ule_inst 035 $aARCHE-092366$9ExL 040 $aDip.to Beni Culturali$bita$cA.t.i. Arché s.c.r.l. Pandora Sicilia s.r.l. 082 04$a326 100 1 $aFinley, Moses I.$0121381 245 10$aAncient slavery and modern ideology /$cby M. I. Finley 260 $aLondon :$bChatto & Windus,$c1980 300 $a202 p. ;$c23 cm 650 4$aSchiavitù 907 $a.b12965984$b02-04-14$c12-07-04 912 $a991002710759707536 945 $aLE001 AN XI 159$g1$i2001000055487$lle001$nC. 1$o-$pE0.00$q-$rl$s- $t0$u0$v0$w0$x0$y.i13567597$z12-07-04 996 $aAncient slavery and modern ideology$9279005 997 $aUNISALENTO 998 $ale001$b12-07-04$cm$da $e-$feng$guik$h0$i1